[Event "CSS Freestyle 8th"]
[Site "playchess.com"]
[Date "2008.04.13"]
[Round "7"]
[White "Flyingfatman"]
[Black "Enchanter"]
[Result "1-0"]
[WhiteElo "2557"]
[BlackElo "2582"]
[PlyCount "109"]
[EventDate "2008.04.11"]

1. e4 {14} c6 {10} 2. d4 {44} d5 {11} 3. Nc3 {52} dxe4 {62} 4. Nxe4 {13} Nd7 {
10} 5. Nf3 {34} Ngf6 {8} 6. Nc3 {23} g6 {84} 7. Bd3 {16} Bg7 {25} 8. O-O {47}
O-O {23} 9. h3 {112} c5 {255} 10. Be3 {211} cxd4 {218} 11. Bxd4 {0} Nb8 {4} 12.
Qe2 {22} Nc6 {4} 13. Be3 {12} Qa5 {193} 14. Bc4 {355} Ne8 {257} 15. Bd2 {80}
Nd6 {347} 16. Bb3 {7} Nf5 {278} 17. Rfd1 {127} Qc5 {452} 18. Re1 {90} e5 {203}
19. Ne4 {255} Qb6 {5} 20. c3 {3} Na5 {14} 21. g4 {272} Nxb3 {102} 22. axb3 {0}
Ne7 {6} 23. Be3 {23} Qc6 {43} 24. Bc5 {21} Re8 {6} 25. Nd6 {56} Rd8 {10} 26.
Nxf7 {167} Kxf7 {112} 27. Nxe5+ {15} Bxe5 {5} 28. Bxe7 {7} Bxg4 {61} 29. hxg4 {
25} Rd5 {9} 30. c4 {125} Rd4 {15} 31. Ra5 {12} Bg7 {74} 32. Rc5 {22} Qd7 {50}
33. Rc7 {59} Qxg4+ {6} 34. Qxg4 {10} Rxg4+ {3} 35. Kf1 {25} Kg8 {312} 36. Rxb7
{12} a5 {3} 37. Bd6 {59} Rh4 {85} 38. Ree7 {22} Bf8 {25} 39. Re6 {10} Rh5 {77}
40. Bxf8 {19} Rxf8 {6} 41. Ree7 {12} Rc8 {25} 42. Ke2 {93} Rh1 {100} 43. f4 {
180} Rh2+ {108} 44. Kf3 {13} Rh3+ {9} 45. Kg2 {16} Rh4 {17} 46. Kg3 {11} Rh1 {
10} 47. Rg7+ {41} Kh8 {16} 48. Kg2 {21} Rh4 {15} 49. Rgd7 {91} Kg8 {20} 50. Kg3
{28} Rh1 {11} 51. c5 {144} Rc1 {95} 52. Rg7+ {23} Kh8 {19} 53. Rxh7+ {18} Kg8 {
2} 54. Rbg7+ {44} Kf8 {5} 55. Rc7 {
Enchanter gibt auf (Lag: Av=0.27s, max=1.2s) 118} 1-0

[Event "CSS Freestyle 8th"]
[Site "playchess.com"]
[Date "2008.04.13"]
[Round "7"]
[White "Icy45"]
[Black "Rentner2"]
[Result "1/2-1/2"]
[WhiteElo "2478"]
[BlackElo "2612"]
[PlyCount "131"]
[EventDate "2008.04.11"]

1. Nf3 {4} d5 {286} 2. g3 {8} Nf6 {14} 3. Bg2 {9} c5 {7} 4. O-O {7} Nc6 {3} 5.
d4 {8} e6 {4} 6. c4 {7} Be7 {11} 7. cxd5 {8} exd5 {4} 8. Nc3 {8} O-O {9} 9.
dxc5 {8} Bxc5 {3} 10. Bg5 {7} d4 {5} 11. Bxf6 {7} Qxf6 {4} 12. Nd5 {7} Qd8 {706
} 13. Nd2 {9} Re8 {4} 14. Rc1 {9} Bb6 {15} 15. Nc4 {82} Bg4 {46} 16. Re1 {38}
Bc5 {8} 17. a3 {19} Rc8 {6} 18. b4 {40} Bf8 {12} 19. Qd3 {35} g6 {321} 20. b5 {
36} Bf5 {7} 21. Qd2 {28} Be4 {12} 22. Bxe4 {38} Rxe4 {5} 23. Nf4 {60} Ne5 {1094
} 24. Nxe5 {9} Rxe5 {2} 25. Rxc8 {34} Qxc8 {4} 26. Qxd4 {36} Rxb5 {5} 27. Qxa7
{68} Qc3 {599} 28. Rd1 {75} Qxa3 {4} 29. Qb8 {623} Qe7 {118} 30. Rd8 {419} Kg7
{280} 31. Qa8 {67} g5 {305} 32. Re8 {26} Qb4 {5} 33. Nd3 {53} Qd6 {20} 34. Kg2
{63} h5 {16} 35. Qc8 {73} Qc6+ {45} 36. Qxc6 {98} bxc6 {0} 37. Rc8 {. 270} c5 {
31} 38. Rc7 {23} Bd6 {19} 39. Rc6 {45} Be7 {4} 40. e3 {40} Kf8 {101} 41. Rc8+ {
28} Kg7 {2} 42. Rc7 {35} Bd6 {6} 43. Rc6 {14} Be7 {2} 44. Kf3 {21} Rb3 {49} 45.
Nxc5 {22} g4+ {3} 46. Kg2 {11} Bxc5 {4} 47. Rxc5 {10} Kg6 {3} 48. h4 {12} f6 {
19} 49. Kf1 {21} Rb2 {2} 50. Ke1 {22} Ra2 {3} 51. Rd5 {21} Rb2 {3} 52. Rd2 {18}
Rb3 {2} 53. Ke2 {46} Ra3 {3} 54. e4 {41} Rb3 {2} 55. Rd5 {53} Ra3 {12} 56. Rd3
{51} Ra2+ {15} 57. Ke3 {22} Rb2 {3} 58. f4 {24} gxf3 {12} 59. Kxf3 {10} Ra2 {10
} 60. Rd1 {19} Rb2 {7} 61. Rc1 {10} Ra2 {8} 62. Re1 {39} Rb2 {10} 63. Ra1 {17}
Rc2 {7} 64. Rb1 {32} Ra2 {42} 65. Ke3 {17} Rg2 {9} 66. Kf4 {
Icy45 offers a draw (Lag: Av=0.25s, max=0.9s) 47} 1/2-1/2

[Event "CSS Freestyle 8th"]
[Site "playchess.com"]
[Date "2008.04.13"]
[Round "7"]
[White "Bushel"]
[Black "Averell"]
[Result "1/2-1/2"]
[WhiteElo "2435"]
[BlackElo "2482"]
[PlyCount "121"]
[EventDate "2008.04.11"]

1. Nf3 {27} f5 {20} 2. e4 {15} fxe4 {62} 3. Ng5 {13} Nc6 {67} 4. d3 {80} e3 {34
} 5. Bxe3 {151} e5 {12} 6. c4 {183} Nf6 {81} 7. Be2 {129} Bb4+ {275} 8. Nc3 {94
} d5 {31} 9. a3 {160} Bxc3+ {86} 10. bxc3 {2} dxc4 {46} 11. O-O {10} Bf5 {40}
12. dxc4 {348} Qxd1 {8} 13. Raxd1 {3} h6 {12} 14. Nf3 {66} Bd7 {35} 15. c5 {154
} O-O-O {9} 16. h3 {11} a6 {136} 17. Bc4 {183} Bf5 {53} 18. Rfe1 {3} Bc2 {40}
19. Rc1 {8} Be4 {30} 20. Rcd1 {20} Rhe8 {346} 21. Kh2 {113} Bd5 {356} 22. Be2 {
7} Bb3 {57} 23. Rxd8+ {265} Rxd8 {8} 24. Nh4 {3} Bc2 {103} 25. Bc4 {257} Nd5 {
61} 26. Ba2 {378} Bh7 {122} 27. Bd2 {78} e4 {324} 28. f4 {113} Kb8 {18} 29. Re2
{22} e3 {185} 30. Bxe3 {80} Nxc3 {20} 31. Rf2 {17} Rd3 {37} 32. Bc1 {10} Rd1 {
35} 33. Be3 {7} Ra1 {19} 34. Be6 {11} Rxa3 {46} 35. f5 {7} a5 {101} 36. Bc1 {
173} Ra4 {32} 37. Ng6 {86} Nd4 {183} 38. Nf8 {4} Bxf5 {36} 39. Bxf5 {6} Ra2 {22
} 40. Rf1 {89} Ra1 {25} 41. Bd3 {11} Nce2 {215} 42. Nd7+ {3} Ka7 {21} 43. Nb6 {
118} cxb6 {24} 44. cxb6+ {3} Kxb6 {1} 45. Bxe2 {Bushel offers a draw 10} Rxc1 {
40} 46. Rxc1 {5} Nxe2 {1} 47. Rc4 {10} Kb5 {26} 48. Rc7 {15} Ka6 {53} 49. Rxg7
{5} a4 {14} 50. Re7 {41} Nc3 {60} 51. Rc7 {17} Nd5 {112} 52. Rd7 {12} Nb4 {66}
53. g4 {62} a3 {23} 54. h4 {32} b5 {53} 55. g5 {98} hxg5 {10} 56. h5 {6} a2 {13
} 57. Rd1 {11} Nd5 {27} 58. Ra1 {9} Nf6 {21} 59. Rxa2+ {6} Kb6 {25} 60. Rg2 {10
} Nxh5 {31} 61. Rxg5 {Bushel offers a draw (Lag: Av=0.28s, max=1.1s) 12}
1/2-1/2

[Event "CSS Freestyle 8th"]
[Site "playchess.com"]
[Date "2008.04.13"]
[Round "7"]
[White "Murx"]
[Black "New Man"]
[Result "1/2-1/2"]
[WhiteElo "2540"]
[BlackElo "2515"]
[PlyCount "102"]
[EventDate "2008.04.11"]

1. e4 {37} c5 {29} 2. Nf3 {20} d6 {22} 3. d4 {17} cxd4 {20} 4. Nxd4 {18} Nf6 {
15} 5. Nc3 {17} Qc7 {9} 6. Be3 {302} a6 {110} 7. f3 {280} e5 {453} 8. Nb3 {60}
Be7 {141} 9. g4 {61} Be6 {424} 10. Qd2 {378} O-O {197} 11. O-O-O {45} Rc8 {382}
12. g5 {228} Nh5 {55} 13. Kb1 {220} Nd7 {76} 14. Rg1 {67} a5 {258} 15. Nb5 {210
} Qc6 {21} 16. Bd3 {80} Nb6 {163} 17. Qf2 {501} Na4 {327} 18. f4 {33} Bc4 {163}
19. Bxc4 {161} Qxc4 {17} 20. Nxd6 {11} Bxd6 {47} 21. Rxd6 {54} Nxb2 {23} 22.
Kxb2 {49} a4 {33} 23. fxe5 {20} axb3 {60} 24. cxb3 {7} Qxe4 {29} 25. Rd2 {36}
Qxe5+ {30} 26. Bd4 {27} Qa5 {8} 27. Kb1 {29} Ra6 {105} 28. Rf1 {137} f6 {5} 29.
gxf6 {97} Nxf6 {8} 30. Qf4 {92} Rf8 {8} 31. Rc2 {27} Qd5 {26} 32. Rc5 {21} Qg2
{40} 33. a4 {9} Re6 {38} 34. Rf2 {66} Qg6+ {7} 35. Qf5 {15} Rd8 {13} 36. Qxg6 {
15} hxg6 {8} 37. Rc4 {11} Ne4 {13} 38. Rfc2 {21} Rd7 {130} 39. a5 {33} Kf7 {23}
40. Kb2 {35} g5 {35} 41. b4 {30} Kg6 {14} 42. Bb6 {16} Nf6 {16} 43. Rc7 {22}
Re4 {54} 44. Rxd7 {7} Nxd7 {13} 45. Bc5 {8} Nxc5 {55} 46. bxc5 {7} Ra4 {14} 47.
c6 {20} bxc6 {9} 48. Rxc6+ {132} Kf5 {27} 49. a6 {10} g4 {37} 50. Kb3 {46} Ra1
{15} 51. Kb4 {12} Ra2 {New Man offers a draw (Lag: Av=0.27s, max=1.1s) 31}
1/2-1/2

[Event "CSS Freestyle 8th"]
[Site "playchess.com"]
[Date "2008.04.13"]
[Round "7"]
[White "Chopy"]
[Black "HydraAssasin"]
[Result "1-0"]
[WhiteElo "2476"]
[BlackElo "2435"]
[PlyCount "139"]
[EventDate "2008.04.11"]

1. e4 {3} c6 {10} 2. d4 {13} d5 {7} 3. Nc3 {13} dxe4 {6} 4. Nxe4 {5} Bf5 {6} 5.
Ng3 {7} Bg6 {7} 6. h4 {26} h6 {6} 7. Nf3 {7} Nd7 {7} 8. h5 {9} Bh7 {7} 9. Bd3 {
4} Bxd3 {9} 10. Qxd3 {4} e6 {6} 11. Bf4 {23} Ngf6 {8} 12. O-O-O {8} Be7 {6} 13.
Kb1 {13} O-O {7} 14. Ne4 {346} Nxe4 {7} 15. Qxe4 {3} Nf6 {6} 16. Qd3 {3} Qa5 {8
} 17. Ne5 {19} Rad8 {10} 18. Qg3 {24} Kh8 {9} 19. c4 {182} Nd7 {9} 20. Rd3 {24}
Bf6 {8} 21. Rhd1 {341} Nxe5 {9} 22. Bxe5 {6} Bxe5 {6} 23. Qxe5 {3} b5 {6} 24.
Rg3 {1686} Rg8 {17} 25. Qc5 {10} Qb6 {120} 26. Qxb6 {5} axb6 {27} 27. Rb3 {14}
Rd7 {100} 28. a4 {5} bxc4 {40} 29. Rxb6 {7} Ra8 {71} 30. Rb4 {7} Rd5 {95} 31.
Rxc4 {16} Rxh5 {413} 32. b3 {26} Rh2 {131} 33. Rg1 {14} Rh4 {47} 34. Kc2 {130}
e5 {187} 35. Kd3 {337} exd4 {106} 36. Rxc6 {HydraAssasin offers a draw 8} Rb8 {
581} 37. Rb1 {9} Ra8 {75} 38. Ra1 {209} Rh2 {116} 39. a5 {10} Rxg2 {49} 40. b4
{5} Rxf2 {268} 41. b5 {5} Rf3+ {86} 42. Kc4 {54} g5 {31} 43. a6 {89} Kg7 {87}
44. b6 {48} Rc3+ {34} 45. Kd5 {9} Rb3 {49} 46. Kxd4 {39} Rd8+ {40} 47. Kc4 {12}
Rb2 {43} 48. a7 {127} Rc2+ {7} 49. Kb5 {7} Rd5+ {311} 50. Ka6 {8} Rxc6 {239}
51. a8=Q {4} Rcd6 {36} 52. Ra5 {5} Rd4 {61} 53. Qc8 {18} g4 {32} 54. Ka7 {43}
g3 {136} 55. b7 {63} g2 {80} 56. b8=Q {6} Rd7+ {60} 57. Ka8 {6} Rd8 {16} 58.
Qg3+ {18} Kh7 {41} 59. Rc5 {11} R4d5 {83} 60. Qxg2 {37} Rxc8+ {39} 61. Rxc8 {8}
Ra5+ {12} 62. Kb7 {9} Rg5 {24} 63. Qe4+ {28} f5 {7} 64. Qe6 {30} h5 {9} 65. Rc6
{15} Rg7+ {6} 66. Kb6 {7} Kh8 {6} 67. Qe8+ {9} Rg8 {6} 68. Rh6+ {9} Kg7 {6} 69.
Rg6+ {4} Kh8 {31} 70. Qxg8# {(Lag: Av=0.76s, max=2.3s) 7} 1-0

[Event "CSS Freestyle 8th"]
[Site "playchess.com"]
[Date "2008.04.13"]
[Round "7"]
[White "Juicy J"]
[Black "Rybusia"]
[Result "0-1"]
[WhiteElo "1821"]
[BlackElo "1701"]
[PlyCount "184"]
[EventDate "2008.04.11"]

1. e4 {1} e5 {8} 2. f4 {54} exf4 {35} 3. Nf3 {3} g5 {38} 4. Nc3 {3} Nc6 {883}
5. g3 {30} g4 {959} 6. Nh4 {15} f3 {6} 7. d4 {22} Be7 {10} 8. Be3 {131} Bxh4 {
256} 9. gxh4 {3} Qxh4+ {5} 10. Bf2 {3} Qg5 {8} 11. d5 {1451} Ne5 {112} 12. Nb5
{5} Kd8 {9} 13. d6 {21} c5 {182} 14. Qd2 {82} Qxd2+ {14} 15. Kxd2 {3} b6 {21}
16. Bh4+ {140} f6 {9} 17. h3 {75} gxh3 {686} 18. Nc7 {469} Rb8 {10} 19. Rxh3 {
66} Bb7 {13} 20. Rg3 {177} Kc8 {149} 21. Bd3 {317} f2 {213} 22. Rf1 {10} c4 {9}
23. Be2 {3} Bxe4 {36} 24. Rxf2 {. 318} Kb7 {12} 25. Re3 {29} f5 {34} 26. Bg3 {1
} Nc6 {29} 27. Bxc4 {3} a5 {27} 28. Bh4 {98} h5 {30} 29. Bd5 {146} Rh6 {78} 30.
c4 {13} Rc8 {56} 31. Ke2 {98} Rg6 {17} 32. Bxe4 {25} fxe4 {5} 33. Rxe4 {3} Nh6
{16} 34. Nb5 {50} Rg4 {8} 35. Rff4 {38} Nf5 {27} 36. Rxg4 {40} hxg4 {5} 37.
Rxg4 {1} Ne5 {20} 38. Rg5 {2} Nxh4 {20} 39. Rxe5 {7} Rxc4 {11} 40. Kd3 {
Juicy J offers a draw 36} Rb4 {9} 41. b3 {27} Kc6 {36} 42. Na3 {9} Ng6 {27} 43.
Rf5 {25} Nf4+ {12} 44. Kd2 {11} Rd4+ {27} 45. Ke3 {8} Ne6 {9} 46. Nc4 {1} Rh4 {
16} 47. Rf2 {17} a4 {24} 48. Rd2 {9} Nc5 {12} 49. Ne5+ {18} Kb7 {8} 50. Re2 {
126} axb3 {9} 51. axb3 {Juicy J offers a draw 9} b5 {9} 52. Kf2 {27} Rd4 {11}
53. Re3 {23} b4 {23} 54. Rh3 {29} Ka6 {9} 55. Ke2 {14} Kb5 {8} 56. Nf7 {60} Kc6
{7} 57. Rf3 {8} Rh4 {13} 58. Kd1 {28} Kd5 {8} 59. Rf5+ {3} Kd4 {11} 60. Ng5 {9}
Rh1+ {20} 61. Kc2 {3} Rh2+ {9} 62. Kb1 {2} Nxb3 {17} 63. Nf3+ {2} Ke4 {10} 64.
Re5+ {51} Kf4 {10} 65. Re7 {14} Rh1+ {26} 66. Kb2 {5} Nc5 {7} 67. Ne5 {7} Rh2+
{9} 68. Kb1 {3} b3 {14} 69. Ng6+ {2} Kg3 {21} 70. Nf8 {Juicy J offers a draw 23
} Kf2 {31} 71. Rh7 {38} Rxh7 {6} 72. Nxh7 {2} Ke3 {10} 73. Kb2 {20} Kd4 {21}
74. Nf6 {13} Kc4 {15} 75. Ka3 {12} Kc3 {13} 76. Nd5+ {1} Kc2 {62} 77. Ne3+ {2}
Kd2 {4} 78. Nc4+ {4} Kc3 {4} 79. Ne3 {36} Nd3 {78} 80. Nd1+ {4} Kc2 {7} 81.
Ne3+ {6} Kd2 {6} 82. Nc4+ {9} Kc3 {5} 83. Nb2 {14} Ne5 {8} 84. Na4+ {40} Kc2 {6
} 85. Nb2 {18} Nf3 {11} 86. Nc4 {21} Nd4 {5} 87. Ne3+ {30} Kc1 {11} 88. Nc4 {8}
Kb1 {16} 89. Kb4 {6} Ka2 {18} 90. Kc5 {21} Ne6+ {71} 91. Kb6 {44} b2 {13} 92.
Nxb2 {7} Kxb2 {Juicy J resigns (Lag: Av=13.20s, max=231.7s) 8} 0-1

[Event "CSS Freestyle 8th"]
[Site "playchess.com"]
[Date "2008.04.13"]
[Round "7"]
[White "Luminarydebris"]
[Black "WindPower"]
[Result "1/2-1/2"]
[WhiteElo "2456"]
[BlackElo "2465"]
[PlyCount "143"]
[EventDate "2008.04.11"]

1. e4 {6} b6 {7} 2. d4 {134} Bb7 {3} 3. Nc3 {30} e6 {3} 4. Bd3 {16} Bb4 {43} 5.
Nge2 {45} d5 {755} 6. O-O {331} dxe4 {14} 7. Nxe4 {0} Nd7 {147} 8. c3 {201} Be7
{WindPower reconnected. 4} 9. Nf4 {79} Ngf6 {246} 10. Ng5 {9} O-O {
WindPower reconnected. 136} 11. Qc2 {125} h6 {5} 12. Ngxe6 {55} fxe6 {3} 13.
Nxe6 {3} Qc8 {11} 14. Nxf8 {73} Qxf8 {18} 15. c4 {WindPower reconnected. 458}
Bd6 {86} 16. Bd2 {61} Re8 {170} 17. f3 {20} c5 {113} 18. d5 {9} b5 {194} 19. b3
{7} bxc4 {143} 20. bxc4 {8} Ne5 {7} 21. Rae1 {59} Bc8 {88} 22. Be2 {69} Qf7 {11
} 23. f4 {48} Qg6 {17} 24. Qxg6 {86} Nxg6 {5} 25. g3 {5} Bf5 {40} 26. Rf3 {79}
Ne7 {89} 27. Bd3 {336} Bxd3 {216} 28. Rxd3 {0} Nc8 {1} 29. Rxe8+ {254} Nxe8 {2}
30. Kf2 {56} Be7 {47} 31. Rc3 {582} Kf7 {146} 32. Ke2 {67} Ned6 {137} 33. Kd3 {
42} Nb6 {48} 34. Rc1 {5} g5 {325} 35. Ba5 {11} gxf4 {120} 36. Bxb6 {9} axb6 {1}
37. gxf4 {5} Bd8 {88} 38. a4 {10} Ke8 {80} 39. Rg1 {146} h5 {30} 40. Rg7 {18}
h4 {36} 41. Ra7 {WindPower reconnected. 19} Nc8 {8} 42. Rh7 {7} Nd6 {11} 43.
Rh6 {63} Kd7 {15} 44. Re6 {36} Bc7 {22} 45. Rg6 {45} Bd8 {16} 46. Rg2 {33} Bf6
{26} 47. Rg1 {WindPower reconnected. 99} Nf5 {21} 48. Rc1 {21} Nd6 {14} 49. Ke3
{145} Kc7 {40} 50. Rc2 {21} Bd4+ {27} 51. Kd3 {24} Kd7 {8} 52. Rc1 {37} Nf5 {25
} 53. Ke2 {81} Be3 {50} 54. Rf1 {14} Kc7 {3} 55. Kd3 {11} Bd4 {11} 56. Re1 {15}
Bf6 {11} 57. Re6 {18} Bd8 {35} 58. Re2 {5} Kd7 {10} 59. Rg2 {13} Bf6 {25} 60.
Rg6 {22} Bd8 {12} 61. Rg8 {11} Nd6 {11} 62. Rf8 {22} Be7 {24} 63. Rh8 {9} Bd8 {
7} 64. Rg8 {21} Bf6 {20} 65. Rg2 {19} Nf5 {10} 66. Rc2 {30} Nd6 {19} 67. Re2 {
20} Be7 {7} 68. Re1 {15} Bf6 {8} 69. Rb1 {13} Kc7 {14} 70. Rc1 {21} Kd7 {12}
71. Re1 {89} Nf5 {13} 72. Re6 {
Luminarydebris offers a draw (Lag: Av=4.86s, max=128.8s) 21} 1/2-1/2

[Event "CSS Freestyle 8th"]
[Site "playchess.com"]
[Date "2008.04.13"]
[Round "7"]
[White "Bruckmann"]
[Black "Ragged"]
[Result "1/2-1/2"]
[WhiteElo "2437"]
[BlackElo "2451"]
[PlyCount "135"]
[EventDate "2008.04.11"]

1. Nf3 {19} Nf6 {49} 2. g3 {32} d5 {22} 3. Bg2 {10} Nc6 {20} 4. d4 {99} g6 {28}
5. c4 {144} Bg7 {8} 6. Nc3 {158} O-O {377} 7. cxd5 {9} Nxd5 {9} 8. O-O {16} Nb6
{7} 9. d5 {295} Na5 {31} 10. e4 {719} c6 {50} 11. Re1 {118} Re8 {22} 12. Bf4 {
Bruckmann reconnected. 27} cxd5 {656} 13. Nxd5 {26} e5 {59} 14. Bd2 {64} Nac4 {
73} 15. Bc3 {6} Be6 {45} 16. Nxb6 {381} Qxb6 {138} 17. b3 {272} Na5 {219} 18.
Ng5 {38} Nc6 {123} 19. Qf3 {7} Rad8 {369} 20. Bh3 {32} Rd7 {75} 21. Nxe6 {32}
fxe6 {38} 22. Rad1 {80} Rf7 {390} 23. Qe3 {43} Nd4 {25} 24. Rf1 {270} Qc6 {6}
25. Rc1 {12} Qa6 {79} 26. Kh1 {46} h5 {112} 27. Qd2 {15} Nf3 {190} 28. Qe3 {292
} Kh7 {19} 29. Rcd1 {57} Rc8 {32} 30. a4 {88} Nd4 {45} 31. f3 {214} Rfc7 {49}
32. Bd2 {12} Rd7 {18} 33. Rf2 {45} Nc2 {44} 34. Qg5 {61} Qb6 {88} 35. Rdf1 {10}
Qxb3 {72} 36. g4 {76} h4 {45} 37. a5 {5} Rcd8 {52} 38. Bg2 {84} h3 {31} 39.
Bxh3 {3} Nb4 {49} 40. Be3 {14} Nd3 {41} 41. Rd2 {58} a6 {31} 42. Bg2 {107} Nf4
{5} 43. Bxf4 {90} exf4 {6} 44. Qh4+ {38} Kg8 {11} 45. Qxd8+ {22} Rxd8 {17} 46.
Rxd8+ {7} Bf8 {' 61} 47. h3 {33} Qb5 {28} 48. Rc1 {20} Qxa5 {10} 49. Rcc8 {7}
Qe1+ {10} 50. Kh2 {4} Qg3+ {8} 51. Kg1 {4} Kh7 {80} 52. Rxf8 {36} Qe1+ {61} 53.
Bf1 {5} Qg3+ {10} 54. Kh1 {3} Kg7 {22} 55. Rg8+ {15} Kf7 {4} 56. Rh8 {32} Qe1 {
28} 57. Rh7+ {16} Kf6 {9} 58. Kg1 {18} Qg3+ {10} 59. Bg2 {8} Qe1+ {7} 60. Bf1 {
10} Qg3+ {13} 61. Kh1 {16} Qe1 {7} 62. Rf8+ {16} Ke5 {15} 63. Kg1 {6} Qg3+ {15}
64. Bg2 {11} Qe1+ {12} 65. Bf1 {5} Qg3+ {57} 66. Bg2 {Ragged offers a draw 32}
Qe1+ {30} 67. Kh2 {2} Qg3+ {11} 68. Kg1 {(Lag: Av=0.64s, max=1.5s) 2} 1/2-1/2

[Event "CSS Freestyle 8th"]
[Site "playchess.com"]
[Date "2008.04.13"]
[Round "7"]
[White "Ciron"]
[Black "Lukulus"]
[Result "1/2-1/2"]
[WhiteElo "2506"]
[BlackElo "2436"]
[PlyCount "135"]
[EventDate "2008.04.11"]

1. e4 {127} e6 {12} 2. d4 {71} d5 {9} 3. Nc3 {15} Nf6 {8} 4. e5 {95} Nfd7 {13}
5. f4 {102} c5 {14} 6. Nf3 {45} Nc6 {15} 7. Be3 {28} cxd4 {69} 8. Nxd4 {18} Bc5
{20} 9. Qd2 {27} O-O {42} 10. O-O-O {275} a6 {27} 11. h4 {47} Nxd4 {37} 12.
Bxd4 {7} b5 {13} 13. a3 {209} Bb7 {6} 14. h5 {125} h6 {36} 15. Kb1 {74} Bxd4 {
166} 16. Qxd4 {17} Rc8 {9} 17. Rg1 {396} Qb6 {99} 18. Qxb6 {42} Nxb6 {10} 19.
Ne2 {248} f6 {431} 20. Nd4 {288} Rce8 {168} 21. Bd3 {47} fxe5 {72} 22. fxe5 {4}
Nd7 {15} 23. Rde1 {112} Re7 {98} 24. g4 {258} Rf2 {143} 25. g5 {245} hxg5 {538}
26. Rxg5 {7} Nc5 {12} 27. h6 {218} Rf4 {633} 28. Ne2 {17} Rh4 {225} 29. h7+ {10
} Kh8 {54} 30. Bg6 {6} Rd7 {91} 31. Rf1 {516} Rd8 {16} 32. Rg2 {34} Nd7 {87}
33. Rgf2 {12} Rg4 {30} 34. Nf4 {43} Rb8 {16} 35. c3 {70} Bc6 {35} 36. Bc2 {69}
b4 {25} 37. Ng6+ {34} Rxg6 {10} 38. Bxg6 {5} bxc3 {136} 39. Re1 {7} Bb5 {20}
40. Re3 {15} d4 {213} 41. Ref3 {4} a5 {12} 42. Ka1 {62} Bc6 {44} 43. Rf4 {8}
cxb2+ {45} 44. Rxb2 {9} Rc8 {7} 45. Rbf2 {32} Bd5 {38} 46. Kb2 {7} Bb7 {54} 47.
Rf7 {19} Bc6 {12} 48. Rf1 {23} a4 {66} 49. R1f4 {59} d3 {7} 50. Rf2 {14} d2 {9}
51. Kc2 {19} Be4+ {12} 52. Kxd2 {9} Bxg6 {5} 53. Rxd7 {6} Rc2+ {6} 54. Ke1 {16}
Rxf2 {6} 55. Kxf2 {12} Bc2 {6} 56. Re7 {50} Bb3 {7} 57. Ke3 {8} Kxh7 {11} 58.
Kf4 {21} Kh6 {16} 59. Rd7 {8} Bd5 {9} 60. Kg4 {11} Bb3 {12} 61. Rd2 {10} Bd5 {
Lukulus bietet Remis 16} 62. Rh2+ {24} Kg6 {8} 63. Rb2 {7} Be4 {14} 64. Kf4 {19
} Bd5 {6} 65. Rb4 {16} Bb3 {9} 66. Rb8 {22} Bd5 {10} 67. Rf8 {31} Bg2 {19} 68.
Rd8 {Ciron bietet Remis (Lag: Av=0.27s, max=1.3s) 22} 1/2-1/2

[Event "CSS Freestyle 8th"]
[Site "playchess.com"]
[Date "2008.04.13"]
[Round "7"]
[White "Odirovski"]
[Black "Heffalump"]
[Result "0-1"]
[WhiteElo "2385"]
[BlackElo "2520"]
[PlyCount "166"]
[EventDate "2008.04.11"]

1. d4 {7} Nf6 {10} 2. c4 {8} Nc6 {42} 3. Nf3 {614} e6 {4} 4. Nc3 {181} Bb4 {5}
5. Qc2 {77} d6 {79} 6. Bd2 {180} O-O {13} 7. a3 {13} Bxc3 {15} 8. Bxc3 {0} Qe7
{282} 9. e4 {796} e5 {63} 10. d5 {13} Nb8 {18} 11. Be2 {21} a5 {179} 12. O-O {
60} a4 {11} 13. c5 {390} Bg4 {8} 14. Bb4 {276} Na6 {7} 15. Bxa6 {14} Rxa6 {25}
16. Nd2 {312} Nh5 {17} 17. f3 {2} Bd7 {25} 18. cxd6 {26} cxd6 {3} 19. Qc7 {8}
b5 {21} 20. Rac1 {47} Nf4 {42} 21. Rf2 {106} h5 {518} 22. Qb7 {127} Rfa8 {9}
23. Rc7 {5} R6a7 {24} 24. Qxa7 {6} Rxa7 {4} 25. Rxa7 {0} Nd3 {9} 26. Re2 {34}
Nxb4 {11} 27. axb4 {1} Qd8 {4} 28. Kf1 {22} Qb8 {55} 29. Ra5 {21} Qc8 {12} 30.
Re1 {160} Kf8 {14} 31. Ke2 {17} Ke7 {11} 32. Kd1 {26} g5 {96} 33. h3 {121} g4 {
332} 34. hxg4 {31} hxg4 {2} 35. Re3 {5} Qb7 {25} 36. Kc2 {16} Qb6 {286} 37. Rc3
{34} Qb7 {Odirovski offers a draw 312} 38. Re3 {95} g3 {134} 39. Rc3 {15} f5 {
12} 40. Kb1 {27} Kf6 {50} 41. Ka2 {9} Kg5 {49} 42. Rc2 {3} Kf4 {90} 43. b3 {23}
fxe4 {102} 44. fxe4 {17} Bh3 {7} 45. Nb1 {7} Kxe4 {114} 46. gxh3 {5} Qg7 {102}
47. Rb2 {6} g2 {157} 48. Nc3+ {5} Kd3 {9} 49. Ne2 {5} axb3+ {32} 50. Kxb3 {5}
g1=Q {21} 51. Nxg1 {2} Qxg1 {3} 52. Ra3 {87} Qd4 {99} 53. Ka2+ {5} Kc4 {5} 54.
Rab3 {170} Kxd5 {12} 55. Rh2 {39} Qf4 {3} 56. Rbb2 {20} Qc4+ {36} 57. Ka3 {21}
Qh4 {94} 58. Rh1 {93} e4 {' 49} 59. Re2 {49} Ke5 {44} 60. Re3 {0} d5 {26} 61.
Rc3 {1} d4 {54} 62. Rc5+ {4} Kf4 {1} 63. Rf1+ {12} Ke3 {10} 64. Rxb5 {2} Qxh3 {
66} 65. Rc1 {2} Ke2+ {25} 66. Kb2 {3} d3 {4} 67. Rd5 {47} Qe6 {66} 68. Rd4 {39}
Qf6 {39} 69. Kc3 {2} d2 {14} 70. Rh1 {2} Qf3+ {33} 71. Kc2 {2} Qxh1 {7} 72.
Rxd2+ {2} Kf3 {35} 73. Rd6 {77} Qh2+ {29} 74. Rd2 {21} Qc7+ {72} 75. Kb3 {2} e3
{3} 76. Rd3 {7} Ke4 {6} 77. Rc3 {7} Qf7+ {5} 78. Ka4 {8} e2 {10} 79. Rc1 {4}
Qa2+ {16} 80. Kb5 {2} Qd2 {8} 81. Rh1 {5} e1=Q {11} 82. Rxe1+ {3} Qxe1 {1} 83.
Ka4 {20} Kd4 {Odirovski resigns (Lag: Av=0.21s, max=1.4s) 11} 0-1

[Event "CSS Freestyle 8th"]
[Site "playchess.com"]
[Date "2008.04.13"]
[Round "7"]
[White "Croberson"]
[Black "ChessPapaRazzi"]
[Result "1/2-1/2"]
[WhiteElo "2431"]
[BlackElo "2363"]
[PlyCount "106"]
[EventDate "2008.04.11"]

1. e4 {41} c5 {17} 2. Nf3 {63} d6 {4} 3. d4 {104} cxd4 {5} 4. Nxd4 {4} Nf6 {3}
5. Nc3 {47} a6 {7} 6. Bg5 {128} e6 {7} 7. f4 {18} Nbd7 {6} 8. Qf3 {136} Qc7 {33
} 9. O-O-O {58} b5 {31} 10. e5 {139} Bb7 {24} 11. Qh3 {148} dxe5 {11} 12. Nxe6
{74} fxe6 {11} 13. Qxe6+ {14} Be7 {16} 14. Bxf6 {314} gxf6 {28} 15. Be2 {111}
h5 {17} 16. Nd5 {259} Bxd5 {12} 17. Rxd5 {18} Nb6 {39} 18. Rd3 {76} Kf8 {49}
19. fxe5 {175} Qxe5 {30} 20. Qxe5 {60} fxe5 {25} 21. Rf1+ {31} Ke8 {87} 22. Rf5
{29} Bd8 {123} 23. Bxh5+ {112} Ke7 {24} 24. Rxe5+ {21} Kf6 {107} 25. Rc5 {27}
Rc8 {155} 26. Rf3+ {27} Ke7 {112} 27. Rg5 {120} Rc6 {13} 28. h3 {123} Rh7 {9}
29. b3 {82} Kd7 {46} 30. Rgf5 {107} Kc7 {141} 31. Rf7+ {270} Rxf7 {136} 32.
Rxf7+ {4} Kd6 {3} 33. Bf3 {24} Nd5 {117} 34. Bxd5 {17} Kxd5 {36} 35. Rd7+ {85}
Rd6 {26} 36. Rxd6+ {73} Kxd6 {7} 37. Kd2 {16} Ke5 {' 2337} 38. Ke3 {39} Bh4 {56
} 39. c4 {56} bxc4 {79} 40. bxc4 {9} Bg5+ {32} 41. Kf3 {61} Kf5 {101} 42. g3 {
. 117} Bd2 {1} 43. h4 {31} Ke5 {19} 44. g4 {70} Bb4 {16} 45. h5 {14} Bd2 {46}
46. Ke2 {38} Bh6 {4} 47. Kd3 {23} a5 {2} 48. Kc3 {456} Bf4 {2} 49. Kb3 {48} Kd4
{4} 50. Ka4 {116} Kxc4 {1} 51. Kxa5 {1} Kc5 {9} 52. Ka6 {4} Kc6 {5} 53. a4 {5}
Be3 {Croberson offers a draw (Lag: Av=0.44s, max=0.9s) 14} 1/2-1/2